[Event "SVK-chT3A2 2223"]
[Site "Slovakia"]
[Date "2023.03.05"]
[Round "8.4"]
[White "Pribila, Gerhart"]
[Black "Mihalik, Anton"]
[Result "1/2-1/2"]
[WhiteElo "2136"]
[BlackElo "1924"]
[PlyCount "57"]
[EventDate "2022.10.16"]
[EventType "team-tourn"]
[EventRounds "9"]
[EventCountry "SVK"]
[SourceTitle "EXT 2024"]
[Source "ChessBase"]
[SourceDate "2023.10.10"]
[SourceVersion "1"]
[SourceVersionDate "2023.10.10"]
[SourceQuality "1"]
[WhiteTeam "Gbely Nafta"]
[BlackTeam "Piestany Kupele II"]
[WhiteTeamCountry "SVK"]
[BlackTeamCountry "SVK"]

1. d4 d5 2. c4 e6 3. Nf3 Nf6 4. Nc3 Be7 5. Bf4 Nbd7 6. Nb5 Bb4+ 7. Nd2 Ba5 8. Qa4 c6 9. Nd6+ Kf8 10. Qa3 Kg8 11. Nxc8 Bxd2+ 12. Bxd2 Qxc8 13. cxd5 exd5 14. Bf4 h6 15. e3 Kh7 16. Bd3+ g6 17. 0-0 Re8 18. b4 a6 19. Qc1 Qd8 20. h3 Qe7 21. Rb1 Rec8 22. Re1 Nf8 23. a4 Ne6 24. Bh2 Nd7 25. Qd1 Ng5 26. b5 axb5 27. axb5 c5 28. dxc5 Nxc5 29. Bc2 1/2-1/2

[Event "SVK-chT3A2 2223"]
[Site "Slovakia"]
[Date "2022.10.16"]
[Round "1.1"]
[White "Pribila, Gerhart"]
[Black "Kozinka, Roman"]
[Result "1-0"]
[WhiteElo "2136"]
[BlackElo "1911"]
[PlyCount "77"]
[EventDate "2022.10.16"]
[EventType "team-tourn"]
[EventRounds "9"]
[EventCountry "SVK"]
[SourceTitle "EXT 2024"]
[Source "ChessBase"]
[SourceDate "2023.10.10"]
[SourceVersion "1"]
[SourceVersionDate "2023.10.10"]
[SourceQuality "1"]
[WhiteTeam "Gbely Nafta"]
[BlackTeam "Modranka Komplet II"]
[WhiteTeamCountry "SVK"]
[BlackTeamCountry "SVK"]

1. d4 d5 2. c4 e6 3. Nf3 Nf6 4. Nc3 Be7 5. Bf4 c6 6. e3 0-0 7. h3 Nbd7 8. c5 b6 9. b4 bxc5 10. bxc5 Qa5 11. Qd2 Ba6 12. Nxd5 Qxd2+ 13. Nxd2 Nxd5 14. Bxa6 e5 15. dxe5 Nb4 16. Bc4 Nc2+ 17. Ke2 Nxa1 18. e6 Nc2 19. exd7 Rad8 20. Bd3 Nb4 21. Bf5 g6 22. Bg4 f5 23. Bf3 Rxd7 24. Nc4 Bxc5 25. Ne5 Rb7 26. Nxc6 Nxc6 27. Bxc6 Rb2+ 28. Kf3 Be7 29. Bd5+ Kg7 30. Be5+ Bf6 31. Bxb2 Bxb2 32. Rb1 Rb8 33. g4 Kf6 34. gxf5 gxf5 35. Bb3 Be5 36. Rd1 Rb7 37. Rd8 Ke7 38. Rd5 Kf6 39. Ra5 1-0

[Event "SVK-chT3A2 2122"]
[Site "Slovakia"]
[Date "2022.04.03"]
[Round "5.3"]
[White "Zlamal, Marek"]
[Black "Pribila, Gerhart"]
[Result "1/2-1/2"]
[WhiteElo "1893"]
[BlackElo "2106"]
[PlyCount "81"]
[EventDate "2021.10.10"]
[EventType "team-tourn"]
[EventRounds "11"]
[EventCountry "SVK"]
[SourceTitle "EXT 2024"]
[Source "ChessBase"]
[SourceDate "2023.10.10"]
[SourceVersion "1"]
[SourceVersionDate "2023.10.10"]
[SourceQuality "1"]
[WhiteTeam "Holic"]
[BlackTeam "Gbely Nafta"]
[WhiteTeamCountry "SVK"]
[BlackTeamCountry "SVK"]

1. e4 c5 2. c4 Nc6 3. Nc3 g6 4. Nf3 Bg7 5. Be2 d6 6. d3 Bg4 7. 0-0 Bxf3 8. Bxf3 e6 9. Re1 Nge7 10. Bf4 a6 11. Qd2 0-0 12. Bh6 Nd4 13. Bd1 Nec6 14. a3 b5 15. Bxg7 Kxg7 16. Re3 Qg5 17. h4 Qh6 18. h5 Qg5 19. Qe1 Ne5 20. cxb5 axb5 21. Rg3 Qf4 22. Ne2 Nxe2+ 23. Bxe2 Nc6 24. Rf3 Qe5 25. Qd2 Nd4 26. Rh3 Nb3 27. Qe3 Nxa1 28. hxg6 hxg6 29. Qh6+ Kf6 30. d4 Qxd4 31. Rf3+ Ke7 32. Qg5+ f6 33. Qxg6 Qxb2 34. e5 Qxe5 35. Re3 Qd4 36. Bg4 Qc4 37. Rxe6+ Qxe6 38. Bxe6 Kxe6 39. Qe4+ Kd7 40. Qb7+ Ke6 41. Qe4+ 1/2-1/2

[Event "SVK-chT2A 1920"]
[Site "Slovakia"]
[Date "2019.12.15"]
[Round "6.3"]
[White "Horak, Ivan"]
[Black "Pribila, Gerhart"]
[Result "1-0"]
[WhiteElo "2028"]
[BlackElo "2109"]
[PlyCount "59"]
[EventDate "2019.10.26"]
[EventType "team-tourn"]
[EventRounds "11"]
[EventCountry "SVK"]
[SourceTitle "CBM 194 Extra"]
[Source "ChessBase"]
[SourceDate "2020.03.31"]
[SourceVersion "1"]
[SourceVersionDate "2020.03.31"]
[SourceQuality "1"]
[WhiteTeam "Skalica"]
[BlackTeam "Gbely Nafta"]
[WhiteTeamCountry "SVK"]
[BlackTeamCountry "SVK"]

1. e4 c5 2. b3 Nc6 3. Bb2 e5 4. Nc3 Nf6 5. g3 d5 6. exd5 Nxd5 7. Bg2 Be6 8. Nge2 Qd7 9. d3 Be7 10. Qd2 0-0 11. h4 Rfe8 12. 0-0-0 Nd4 13. f4 Nb4 14. Kb1 Nbxc2 15. fxe5 Rad8 16. Be4 Bg4 17. Rc1 Nb4 18. Nxd4 cxd4 19. Ne2 Nc6 20. Nf4 Nxe5 21. Nd5 Bd6 22. Qg5 Qe6 23. Bxd4 h6 24. Qe3 Nc6 25. Nf6+ gxf6 26. Qxh6 Bf5 27. Bxf6 Bf8 28. Qg5+ Bg6 29. Bxg6 Bg7 30. Bh7+ 1-0

[Event "SVK-chT2A 1920"]
[Site "Slovakia"]
[Date "2019.10.26"]
[Round "1.3"]
[White "Pribila, Gerhart"]
[Black "Liptak, Dusan"]
[Result "1/2-1/2"]
[WhiteElo "2109"]
[BlackElo "2121"]
[PlyCount "76"]
[EventDate "2019.10.26"]
[EventType "team-tourn"]
[EventRounds "11"]
[EventCountry "SVK"]
[SourceTitle "CBM 193 Extra"]
[Source "ChessBase"]
[SourceDate "2020.01.31"]
[SourceVersion "1"]
[SourceVersionDate "2020.01.31"]
[SourceQuality "1"]
[WhiteTeam "Gbely Nafta"]
[BlackTeam "Cifer"]
[WhiteTeamCountry "SVK"]
[BlackTeamCountry "SVK"]

1. c4 Nf6 2. g3 g6 3. Bg2 Bg7 4. Nc3 0-0 5. d3 e5 6. e4 d6 7. Nge2 Be6 8. 0-0 c6 9. h3 Qc8 10. Kh2 a6 11. a4 a5 12. Be3 Na6 13. Rb1 Nd7 14. b3 Ndc5 15. d4 exd4 16. Bxd4 Qc7 17. Bxg7 Kxg7 18. f4 f5 19. Nd4 Rae8 20. Re1 Nxe4 21. Nxe4 fxe4 22. Nxe6+ Rxe6 23. Qd4+ Kg8 24. Rxe4 Rxe4 25. Qxe4 Nc5 26. Qd4 Re8 27. b4 axb4 28. Rxb4 Re2 29. Rb2 Rxb2 30. Qxb2 Nxa4 31. Qf6 Nb6 32. h4 Na4 33. h5 gxh5 34. Qg5+ Qg7 35. Qd8+ Qf8 36. Qg5+ Qg7 37. Qd8+ Qf8 38. Qg5+ Qg7 1/2-1/2

[Event "SVK-chT3A2 1819"]
[Site "Slovakia"]
[Date "2019.03.10"]
[Round "10.2"]
[White "Pribila, Gerhart"]
[Black "Nicolini, Alexander"]
[Result "1/2-1/2"]
[WhiteElo "2127"]
[BlackElo "2142"]
[PlyCount "21"]
[EventDate "2018.10.07"]
[EventType "team-tourn"]
[EventRounds "11"]
[EventCountry "SVK"]
[SourceTitle "EXT 2020"]
[Source "ChessBase"]
[SourceDate "2019.10.17"]
[SourceVersion "1"]
[SourceVersionDate "2019.10.17"]
[SourceQuality "1"]
[WhiteTeam "Gbely Nafta II"]
[BlackTeam "Trnava Lokomotiva II"]
[WhiteTeamCountry "SVK"]
[BlackTeamCountry "SVK"]

1. Nf3 d6 2. g3 g6 3. b3 Bg7 4. d4 c6 5. Bg2 Qc7 6. 0-0 Nf6 7. Bb2 0-0 8. c4 Nbd7 9. Qc2 Re8 10. Nc3 Nf8 11. e4 1/2-1/2

[Event "SVK-chT3A2 1819"]
[Site "Slovakia"]
[Date "2019.01.13"]
[Round "6.4"]
[White "Hrubsa, Marian"]
[Black "Pribila, Gerhart"]
[Result "0-1"]
[WhiteElo "1925"]
[BlackElo "2127"]
[PlyCount "92"]
[EventDate "2018.10.07"]
[EventType "team-tourn"]
[EventRounds "11"]
[EventCountry "SVK"]
[SourceTitle "EXT 2020"]
[Source "ChessBase"]
[SourceDate "2019.10.17"]
[SourceVersion "1"]
[SourceVersionDate "2019.10.17"]
[SourceQuality "1"]
[WhiteTeam "Skalica II"]
[BlackTeam "Gbely Nafta II"]
[WhiteTeamCountry "SVK"]
[BlackTeamCountry "SVK"]

1. e4 c5 2. Nf3 e6 3. d4 cxd4 4. Nxd4 Nf6 5. Bd3 Nc6 6. c3 a6 7. 0-0 d5 8. Nxc6 bxc6 9. e5 Nd7 10. f4 a5 11. Nd2 Ba6 12. Nf3 Bxd3 13. Qxd3 Nc5 14. Qe2 Ne4 15. Be3 g6 16. Nd2 Nc5 17. b3 Be7 18. Rad1 Qc8 19. Qf2 Nd3 20. Qe2 Qa6 21. Qf3 0-0 22. Bd4 Nc5 23. g4 Nd7 24. g5 Bc5 25. Qg4 Bxd4+ 26. cxd4 c5 27. Rf3 Qe2 28. Rg3 Qxg4 29. Rxg4 Rfc8 30. Nf3 a4 31. dxc5 axb3 32. axb3 Nxc5 33. b4 Ne4 34. Nd4 Rab8 35. b5 Nc3 36. Rc1 Rc4 37. Rg3 Rxd4 38. Rgxc3 Rxb5 39. Rc8+ Kg7 40. Ra1 Rb2 41. h3 h6 42. Rd8 Re4 43. Rf1 hxg5 44. fxg5 Ree2 45. Ra1 Rxe5 46. h4 Re4 0-1

[Event "SVK-chT2A 1819"]
[Site "Slovakia"]
[Date "2018.12.16"]
[Round "6.6"]
[White "Londin, Martin"]
[Black "Pribila, Gerhart"]
[Result "0-1"]
[WhiteElo "1916"]
[BlackElo "2139"]
[PlyCount "96"]
[EventDate "2018.10.13"]
[EventType "team-tourn"]
[EventRounds "11"]
[EventCountry "SVK"]
[SourceTitle "CBM 189 Extra"]
[Source "ChessBase"]
[SourceDate "2019.06.03"]
[SourceVersion "1"]
[SourceVersionDate "2019.06.03"]
[SourceQuality "1"]
[WhiteTeam "Skalica"]
[BlackTeam "Gbely Nafta"]
[WhiteTeamCountry "SVK"]
[BlackTeamCountry "SVK"]

1. b3 e5 2. Bb2 Nc6 3. e3 Nf6 4. Nf3 d6 5. d4 e4 6. Nfd2 d5 7. c4 Bb4 8. a3 Bxd2+ 9. Nxd2 0-0 10. Be2 Re8 11. h3 Ne7 12. Qc2 c6 13. a4 Bd7 14. Ba3 Ng6 15. c5 h6 16. b4 a6 17. 0-0-0 Nh7 18. g3 Qc8 19. g4 Nh4 20. Rdg1 Ng5 21. Rg3 Qc7 22. a5 Rf8 23. Rhg1 Rae8 24. Qd1 f5 25. Qe1 f4 26. exf4 Qxf4 27. Rf1 Ngf3 28. Bxf3 exf3 29. Qd1 Qxd4 30. Qb3 Re2 31. Qb2 Qd3 32. Rd1 Rxf2 33. Qb3 Rxd2 34. Qxd3 Rxd3 35. Rxd3 f2 36. Rd1 f1Q 37. Rxf1 Rxf1+ 38. Kd2 Rf3 39. Rxf3 Nxf3+ 40. Ke3 Ng5 41. Kf4 Nf7 42. Bb2 g5+ 43. Kg3 Kh7 44. Bd4 Kg6 45. h4 Nd8 46. h5+ Kf7 47. Kf3 Ne6 48. Be5 Nf8 0-1

[Event "SVK-chT3A2 1819"]
[Site "Slovakia"]
[Date "2018.10.07"]
[Round "1.1"]
[White "Gajarsky, Roman"]
[Black "Pribila, Gerhart"]
[Result "0-1"]
[WhiteElo "1794"]
[BlackElo "2127"]
[PlyCount "106"]
[EventDate "2018.10.07"]
[EventType "team-tourn"]
[EventRounds "11"]
[EventCountry "SVK"]
[SourceTitle "EXT 2020"]
[Source "ChessBase"]
[SourceDate "2019.10.17"]
[SourceVersion "1"]
[SourceVersionDate "2019.10.17"]
[SourceQuality "1"]
[WhiteTeam "Hlohovec"]
[BlackTeam "Gbely Nafta II"]
[WhiteTeamCountry "SVK"]
[BlackTeamCountry "SVK"]

1. e4 c5 2. Nf3 e6 3. d4 cxd4 4. Nxd4 Nf6 5. Nc3 Nc6 6. Be3 Bb4 7. Bd3 d5 8. Nxc6 bxc6 9. exd5 cxd5 10. a3 Bxc3+ 11. bxc3 Qc7 12. Bd2 0-0 13. 0-0 e5 14. Re1 e4 15. Be2 Be6 16. Rb1 Rab8 17. Rb4 a5 18. Rxb8 Rxb8 19. Qc1 Rc8 20. Qa1 Nd7 21. Rb1 Nc5 22. a4 Rb8 23. Bb5 Nd7 24. Be3 Ne5 25. Bd4 Ng4 26. g3 Ne5 27. Be2 f6 28. Rb3 Rxb3 29. cxb3 Nc6 30. Qd1 Qb7 31. Bb5 Ne7 32. Qh5 Bd7 33. Qe2 Be6 34. Qd2 Nc6 35. Bc5 Ne5 36. Qe2 Qc8 37. b4 Nf3+ 38. Kh1 Bg4 39. Qe3 axb4 40. Bxb4 Ng5 41. f4 exf3 42. Qe8+ Qxe8 43. Bxe8 Bh3 44. Kg1 Ne4 45. Bc5 Nxc5 46. Bc6 Be6 47. Kf2 Kf8 48. a5 Bc8 49. Bxd5 Ke7 50. Kxf3 Kd6 51. Bg8 h6 52. Ke3 Ke5 53. Bf7 Ba6 0-1

[Event "SVK-chT2A 1718"]
[Site "Slovakia"]
[Date "2018.01.14"]
[Round "6.5"]
[White "Mihalik, Marek"]
[Black "Pribila, Gerhart"]
[Result "1/2-1/2"]
[WhiteElo "2002"]
[BlackElo "2109"]
[PlyCount "101"]
[EventDate "2017.10.28"]
[EventType "team-tourn"]
[EventRounds "11"]
[EventCountry "SVK"]
[SourceTitle "EXT 2019"]
[Source "ChessBase"]
[SourceDate "2018.10.10"]
[SourceVersion "1"]
[SourceVersionDate "2018.10.10"]
[SourceQuality "1"]
[WhiteTeam "Piestany Loewe"]
[BlackTeam "Gbely Nafta"]
[WhiteTeamCountry "SVK"]
[BlackTeamCountry "SVK"]

1. d4 Nf6 2. c4 c5 3. d5 e6 4. Nc3 exd5 5. cxd5 d6 6. e4 g6 7. h3 Bg7 8. Nf3 0-0 9. Bd3 b5 10. 0-0 b4 11. Ne2 Re8 12. Ng3 Ba6 13. Bxa6 Nxa6 14. Qd3 Qc8 15. Nd2 Nd7 16. f4 Nb6 17. Nc4 Nxc4 18. Qxc4 Bd4+ 19. Kh2 Nc7 20. Rb1 Qd7 21. Rf3 Qb5 22. Qxb5 Nxb5 23. Be3 Re7 24. f5 Be5 25. fxg6 fxg6 26. Bf4 Rf8 27. Bxe5 Rxe5 28. Rbf1 Ree8 29. Ne2 c4 30. Kg1 Rxf3 31. gxf3 a5 32. Rc1 Rc8 33. Kf2 a4 34. Ke3 a3 35. bxa3 Nxa3 36. Nd4 Ra8 37. Nc2 b3 38. axb3 cxb3 39. Nxa3 Rxa3 40. Rc8+ Kf7 41. Rb8 g5 42. e5 dxe5 43. Ke4 Ke7 44. Kxe5 b2 45. Rxb2 Re3+ 46. Kd4 Rxf3 47. Rb7+ Kd6 48. Rb6+ Kd7 49. Rh6 Rf4+ 50. Ke5 Rh4 51. Rxh4 1/2-1/2

[Event "SVK-chT2A 1718"]
[Site "Slovakia"]
[Date "2017.11.26"]
[Round "4.4"]
[White "Tepper, Frantisek"]
[Black "Pribila, Gerhart"]
[Result "1/2-1/2"]
[WhiteElo "2078"]
[BlackElo "2109"]
[PlyCount "23"]
[EventDate "2017.10.28"]
[EventType "team-tourn"]
[EventRounds "11"]
[EventCountry "SVK"]
[SourceTitle "EXT 2019"]
[Source "ChessBase"]
[SourceDate "2018.10.10"]
[SourceVersion "1"]
[SourceVersionDate "2018.10.10"]
[SourceQuality "1"]
[WhiteTeam "Bratislava Slovan IV"]
[BlackTeam "Gbely Nafta"]
[WhiteTeamCountry "SVK"]
[BlackTeamCountry "SVK"]

1. e4 c5 2. Nf3 e6 3. d3 d5 4. Nbd2 Nf6 5. c3 Nc6 6. Be2 Bd6 7. 0-0 0-0 8. Qc2 Qc7 9. Re1 b6 10. Nf1 h6 11. Ng3 dxe4 12. dxe4 1/2-1/2

[Event "SVK-chT2A 1718"]
[Site "Slovakia"]
[Date "2017.11.25"]
[Round "3.4"]
[White "Pribila, Gerhart"]
[Black "Hacik, Radomir"]
[Result "1/2-1/2"]
[WhiteElo "2109"]
[BlackElo "2137"]
[PlyCount "35"]
[EventDate "2017.10.28"]
[EventType "team-tourn"]
[EventRounds "11"]
[EventCountry "SVK"]
[SourceTitle "EXT 2019"]
[Source "ChessBase"]
[SourceDate "2018.10.10"]
[SourceVersion "1"]
[SourceVersionDate "2018.10.10"]
[SourceQuality "1"]
[WhiteTeam "Gbely Nafta"]
[BlackTeam "Bratislava Slovan V"]
[WhiteTeamCountry "SVK"]
[BlackTeamCountry "SVK"]

1. d4 Nf6 2. c4 e6 3. Nc3 d5 4. cxd5 exd5 5. Bg5 Be7 6. Qc2 0-0 7. e3 c6 8. Bd3 h6 9. Bh4 b5 10. Nf3 Nbd7 11. 0-0 Bb7 12. Rac1 Re8 13. Bf5 Nb6 14. b3 b4 15. Nd1 Ne4 16. Bxe7 Qxe7 17. Ne5 Nd6 18. Bh3 1/2-1/2

[Event "Pardubice Czech op-A 28th"]
[Site "Pardubice"]
[Date "2017.07.21"]
[Round "1"]
[White "Chekletsov, Ilya"]
[Black "Pribila, Gerhart"]
[Result "1-0"]
[WhiteElo "2350"]
[BlackElo "2138"]
[PlyCount "57"]
[EventDate "2017.07.21"]
[EventType "swiss"]
[EventRounds "9"]
[EventCountry "CZE"]
[SourceTitle "CBM 179 Extra"]
[Source "ChessBase"]
[SourceDate "2017.08.23"]
[SourceVersion "1"]
[SourceVersionDate "2017.08.23"]
[SourceQuality "1"]

1. d4 d5 2. c4 c6 3. Nf3 e6 4. Qc2 Nf6 5. g3 Bb4+ 6. Nbd2 0-0 7. Bg2 Nbd7 8. 0-0 Re8 9. e4 dxe4 10. Nxe4 Nxe4 11. Qxe4 Nf6 12. Qc2 Bd6 13. Rd1 Qe7 14. a3 c5 15. dxc5 Bxc5 16. b4 Bb6 17. c5 Bc7 18. Bg5 h6 19. Bxf6 Qxf6 20. Nd2 e5 21. Ne4 Qg6 22. Qa4 Bg4 23. Rd2 a6 24. Nd6 Red8 25. Bxb7 Ra7 26. Qc6 Bb8 27. Nxf7 Qxc6 28. Rxd8+ Kxf7 29. Bxc6 1-0

[Event "SVK-chT3A2 1617"]
[Site "Slovakia"]
[Date "2016.11.13"]
[Round "3.3"]
[White "Pribila, Gerhart"]
[Black "Husek, Lubomir"]
[Result "1-0"]
[WhiteElo "2120"]
[BlackElo "1873"]
[PlyCount "53"]
[EventDate "2016.10.16"]
[EventType "team-tourn"]
[EventRounds "11"]
[EventCountry "SVK"]
[SourceTitle "EXT 2020"]
[Source "ChessBase"]
[SourceDate "2019.10.17"]
[SourceVersion "1"]
[SourceVersionDate "2019.10.17"]
[SourceQuality "1"]
[WhiteTeam "Gbely Nafta"]
[BlackTeam "Holic"]
[WhiteTeamCountry "SVK"]
[BlackTeamCountry "SVK"]

1. e4 e5 2. Nf3 Nc6 3. d4 exd4 4. Nxd4 Qf6 5. Nxc6 bxc6 6. Bd3 Bc5 7. 0-0 Ne7 8. Nc3 a5 9. Na4 Bb6 10. Bd2 0-0 11. Nxb6 cxb6 12. Bc3 Qh6 13. e5 Ng6 14. g3 Qh3 15. Qf3 Nh4 16. Qe4 Ng6 17. f4 Ba6 18. Bxa6 Rxa6 19. f5 Ne7 20. Rf4 g6 21. fxg6 hxg6 22. Raf1 Qe6 23. Rf6 Qd5 24. Qh4 Qc5+ 25. Bd4 Qxc2 26. e6 dxe6 27. Rxf7 1-0

[Event "SVK-chT3A2 1617"]
[Site "Slovakia"]
[Date "2016.10.16"]
[Round "1.2"]
[White "Pribila, Gerhart"]
[Black "Mihalik, Anton"]
[Result "1/2-1/2"]
[WhiteElo "2120"]
[BlackElo "1939"]
[PlyCount "94"]
[EventDate "2016.10.16"]
[EventType "team-tourn"]
[EventRounds "11"]
[EventCountry "SVK"]
[SourceTitle "EXT 2020"]
[Source "ChessBase"]
[SourceDate "2019.10.17"]
[SourceVersion "1"]
[SourceVersionDate "2019.10.17"]
[SourceQuality "1"]
[WhiteTeam "Gbely Nafta"]
[BlackTeam "Piestany Kupele"]
[WhiteTeamCountry "SVK"]
[BlackTeamCountry "SVK"]

1. e4 c5 2. c3 d5 3. exd5 Qxd5 4. d4 Nf6 5. Nf3 Bg4 6. dxc5 Qxc5 7. Na3 Nc6 8. Be3 Qa5 9. h3 Bxf3 10. Qxf3 e6 11. Nc4 Qc7 12. Bf4 e5 13. Qe2 Nd7 14. Bg5 f6 15. Be3 0-0-0 16. 0-0-0 Be7 17. Qc2 Nc5 18. Be2 g6 19. g4 Rxd1+ 20. Rxd1 Rd8 21. b4 Rxd1+ 22. Bxd1 Ne6 23. Be2 b5 24. Nb2 a6 25. a4 Qb7 26. Qb3 Ncd8 27. axb5 axb5 28. Qd1 Qc6 29. Kb1 Qxc3 30. Bxb5 Nd4 31. Ba6+ Kc7 32. Bd2 Qc6 33. Bd3 N8e6 34. Qa4 Qxa4 35. Nxa4 f5 36. gxf5 gxf5 37. b5 Nc5 38. Ba5+ Kb7 39. Nxc5+ Bxc5 40. Bc4 Bb6 41. Bc3 Kc7 42. Kc1 Kd6 43. Kd1 Nf3 44. Bb4+ Kd7 45. Be1 Kd6 46. Bb4+ Kd7 47. Be1 Kd6 1/2-1/2

[Event "SVK-chT3A2 1516"]
[Site "Slovakia"]
[Date "2016.04.10"]
[Round "11.6"]
[White "Pribila, Gerhart"]
[Black "Sarmir, Milos"]
[Result "1-0"]
[WhiteElo "2083"]
[BlackElo "2023"]
[PlyCount "111"]
[EventDate "2015.10.11"]
[EventType "team-tourn"]
[EventRounds "11"]
[EventCountry "SVK"]
[SourceTitle "EXT 2020"]
[Source "ChessBase"]
[SourceDate "2019.10.17"]
[SourceVersion "1"]
[SourceVersionDate "2019.10.17"]
[SourceQuality "1"]
[WhiteTeam "Gbely Nafta"]
[BlackTeam "Cifer"]
[WhiteTeamCountry "SVK"]
[BlackTeamCountry "SVK"]

1. e4 e5 2. Nf3 Nc6 3. d4 exd4 4. Nxd4 Bc5 5. Nb3 Bb6 6. Nc3 d6 7. Qe2 Be6 8. Be3 Bxe3 9. Qxe3 Nf6 10. h3 a6 11. 0-0-0 Qe7 12. g4 0-0-0 13. Bg2 Kb8 14. Rhe1 Nd7 15. f4 Nb6 16. Nd4 Nxd4 17. Qxd4 f6 18. Qb4 Bc8 19. Bf1 Qf7 20. a4 Ka7 21. a5 Na8 22. Bc4 Be6 23. Bd5 Bxd5 24. exd5 h5 25. Qd4+ Kb8 26. f5 Qd7 27. Re6 hxg4 28. hxg4 Rhe8 29. Rde1 c5 30. dxc6 Qxc6 31. Rxe8 Rxe8 32. Rxe8+ Qxe8 33. Qxd6+ Nc7 34. Kb1 Kc8 35. Qc5 Qe5 36. Qxe5 fxe5 37. Kc1 Ne8 38. Kd2 Kd7 39. Kd3 Nf6 40. g5 Nh7 41. Ne4 Kc6 42. f6 g6 43. b4 b6 44. axb6 Kxb6 45. f7 Kc6 46. Nf6 Nf8 47. Ke4 Kd6 48. Ne8+ Ke7 49. Nc7 Kxf7 50. Kxe5 Ke7 51. c4 Nh7 52. Kf4 a5 53. bxa5 Kd7 54. Ne6 Kc6 55. Ke5 Kb7 56. Kd6 1-0

[Event "SVK-chT3A2 1516"]
[Site "Slovakia"]
[Date "2016.03.06"]
[Round "9.6"]
[White "Pribila, Gerhart"]
[Black "Kozinka, Roman"]
[Result "1-0"]
[WhiteElo "2083"]
[BlackElo "1964"]
[PlyCount "149"]
[EventDate "2015.10.11"]
[EventType "team-tourn"]
[EventRounds "11"]
[EventCountry "SVK"]
[SourceTitle "EXT 2020"]
[Source "ChessBase"]
[SourceDate "2019.10.17"]
[SourceVersion "1"]
[SourceVersionDate "2019.10.17"]
[SourceQuality "1"]
[WhiteTeam "Gbely Nafta"]
[BlackTeam "Modranka Komplet"]
[WhiteTeamCountry "SVK"]
[BlackTeamCountry "SVK"]

1. e4 c5 2. Nf3 d6 3. Bb5+ Bd7 4. Bxd7+ Qxd7 5. c4 Nf6 6. Nc3 e6 7. d4 cxd4 8. Nxd4 Be7 9. 0-0 0-0 10. Be3 Nc6 11. f3 Ne5 12. b3 Rfd8 13. Qe2 Rac8 14. Rfd1 a6 15. Rac1 Qc7 16. Na4 Nfd7 17. f4 Nc6 18. Nf3 h6 19. Qf2 Nc5 20. Nxc5 dxc5 21. e5 Qa5 22. Qb2 Nd4 23. Kf2 Nf5 24. Bd2 Qc7 25. Be3 Nxe3 26. Kxe3 g5 27. g3 Qc6 28. Qe2 f5 29. Kf2 g4 30. Nh4 Bxh4 31. gxh4 Rd4 32. Rxd4 cxd4 33. Rd1 Rd8 34. Kg3 b5 35. cxb5 axb5 36. Rd2 Qc3+ 37. Rd3 Qc1 38. Rd1 Qc3+ 39. Rd3 Qc6 40. Qg2 Qc1 41. Qf2 Qh1 42. h5 b4 43. Qg2 Qe1+ 44. Qf2 Qe4 45. Qc2 Ra8 46. h3 Qe1+ 47. Kh2 Qa1 48. Kg3 Kh8 49. Rd1 Qc3+ 50. Qxc3 bxc3 51. Rxd4 Rc8 52. Rd1 c2 53. Rc1 Rc3+ 54. Kg2 gxh3+ 55. Kh2 Kg7 56. a4 Rxb3 57. Rxc2 Ra3 58. Rc7+ Kf8 59. Ra7 Rf3 60. a5 Rxf4 61. Rh7 Ra4 62. Rxh6 Rxa5 63. Rxe6 Kg7 64. Kxh3 Ra4 65. Rf6 Rf4 66. Kg3 Rf1 67. Kh4 f4 68. Kg4 Re1 69. Kxf4 Rf1+ 70. Kg4 Re1 71. h6+ Kg8 72. Kg5 Rg1+ 73. Kf5 Ra1 74. e6 Re1 75. Rf7 1-0

[Event "SVK-chT3A2 1516"]
[Site "Slovakia"]
[Date "2015.12.20"]
[Round "5.4"]
[White "Lanik, Miroslav"]
[Black "Pribila, Gerhart"]
[Result "0-1"]
[WhiteElo "1906"]
[BlackElo "2083"]
[PlyCount "58"]
[EventDate "2015.10.11"]
[EventType "team-tourn"]
[EventRounds "11"]
[EventCountry "SVK"]
[SourceTitle "EXT 2020"]
[Source "ChessBase"]
[SourceDate "2019.10.17"]
[SourceVersion "1"]
[SourceVersionDate "2019.10.17"]
[SourceQuality "1"]
[WhiteTeam "Senica SK"]
[BlackTeam "Gbely Nafta"]
[WhiteTeamCountry "SVK"]
[BlackTeamCountry "SVK"]

1. e4 c5 2. Nf3 e6 3. d4 cxd4 4. Nxd4 a6 5. Nc3 Qc7 6. g3 Bb4 7. Bd2 Nf6 8. Bg2 Nc6 9. Nxc6 dxc6 10. 0-0 0-0 11. Qe2 e5 12. a3 Be7 13. h3 b5 14. Rad1 Be6 15. Rfe1 Rad8 16. Bg5 h6 17. Bxf6 Bxf6 18. Qf3 Rxd1 19. Rxd1 Rd8 20. Rxd8+ Qxd8 21. Qd3 Kf8 22. Qxd8+ Bxd8 23. Bf1 Ke7 24. Kg2 Ba5 25. Bd3 Bxc3 26. bxc3 Kd6 27. h4 Kc5 28. f4 f6 29. Kf2 Kb6 0-1

[Event "SVK-ch Amateurs"]
[Site "Stara Lubovna"]
[Date "2015.05.10"]
[Round "7"]
[White "Pribila, Gerhart"]
[Black "Jablonicky, Frantisek"]
[Result "1/2-1/2"]
[WhiteElo "2083"]
[BlackElo "2173"]
[PlyCount "60"]
[EventDate "2015.05.07"]
[EventType "swiss"]
[EventRounds "7"]
[EventCountry "SVK"]
[SourceTitle "EXT 2017"]
[Source "ChessBase"]
[SourceDate "2016.10.25"]
[SourceVersion "1"]
[SourceVersionDate "2016.10.25"]
[SourceQuality "1"]

1. e4 c6 2. Nc3 d5 3. Nf3 dxe4 4. Nxe4 Nf6 5. Nxf6+ gxf6 6. d4 Bg4 7. Be2 e6 8. 0-0 Nd7 9. c4 Nb6 10. b3 Bg7 11. Be3 f5 12. Rc1 f4 13. Bxf4 Bxf3 14. Bxf3 Qxd4 15. Qxd4 Bxd4 16. Rcd1 0-0-0 17. Rxd4 Rxd4 18. Be5 Rhd8 19. Bxd4 Rxd4 20. Rd1 Rxd1+ 21. Bxd1 c5 22. f4 Kc7 23. Kf2 Nd7 24. Ke3 Kd6 25. g4 f5 26. g5 e5 27. h4 e4 28. h5 Nf8 29. h6 Ng6 30. Bh5 Nh8 1/2-1/2